000 00604nam a22002297a 4500
003 UA-OsUOA
001 94675
007 ta
008 20130218b un ||||| |||| 00| 0 ukr d
100 _aДостоєвський Ф.
090 _a821.161.1
_bД70
942 _cBK
040 _aUA-OsUOA
_bukr
_cUA-OsUOA
_dUA-OsUOA
245 _aЗаписки з мертвого дому
300 _a560 с.
955 _a3
041 _aukr
080 _a821.161.1
260 _aК.
_bДніпро
_c1971
650 7 _a82 Література. Літературознавство
_2UDC
999 _c380918
_d380918